Countries of the World - Special Edition - Statistics

General Stats
  • This quiz has been taken 70 times
    60 since last reset
  • The average score is 129 of 196
Answers on the Map
Answers color-coded by a green-red scale on the quiz's map according to % correct below.
 
Answer Stats
Country % Correct
United Kingdom
89%
United States
89%
Brazil
84%
Canada
84%
Russia
80%
Mexico
78%
Peru
78%
Australia
76%
China
76%
India
76%
Romania
76%
Democratic Republic of the Congo
73%
Finland
73%
Japan
73%
Kazakhstan
73%
Netherlands
73%
New Zealand
73%
Chile
71%
Colombia
71%
Haiti
71%
Honduras
71%
Indonesia
71%
Iran
71%
Israel
71%
Mali
71%
Norway
71%
Panama
71%
REPUBLIC OF THE CONGO
71%
Sweden
71%
Uruguay
71%
Venezuela
71%
Algeria
69%
Argentina
69%
Belarus
69%
Belgium
69%
Belize
69%
Bolivia
69%
Dominican Republic
69%
Dominica
69%
Ecuador
69%
France
69%
Hungary
69%
Iraq
69%
Ireland
69%
Latvia
69%
Lebanon
69%
Lithuania
69%
Niger
69%
Northkorea
69%
oman
69%
Saint Kitts and Nevis
69%
Ukraine
69%
United Arab Emirates
69%
Vatican City
69%
Yemen
69%
Afghanistan
67%
Albania
67%
Armenia
67%
Austria
67%
Azerbaijan
67%
Bahrain
67%
Bangladesh
67%
Barbados
67%
Bhutan
67%
Bosnia and Herzegovina
67%
Botswana
67%
Bulgaria
67%
Cambodia
67%
Cape Verde
67%
Costa Rica
67%
Cyprus
67%
Denmark
67%
Estonia
67%
Federated States of Micronesia
67%
Fiji
67%
Gabon
67%
Georgia
67%
Germany
67%
Greece
67%
Guinea
67%
Guyana
67%
Iceland
67%
Kyrgyzstan
67%
Laos
67%
Libya
67%
Montenegro
67%
Morocco
67%
Nicaragua
67%
Nigeria
67%
Pakistan
67%
Paraguay
67%
Portugal
67%
Saint Lucia
67%
Saint Vincent and the Grenadines
67%
Saudi Arabia
67%
Spain
67%
Sudan
67%
Syria
67%
Turkmenistan
67%
Uzbekistan
67%
Vietnam
67%
Zambia
67%
Benin
64%
Cameroon
64%
Cuba
64%
Czech Republic
64%
Egypt
64%
El Salvador
64%
Eritrea
64%
Gambia
64%
Ghana
64%
Guatemala
64%
Guinea-Bissau
64%
Kiribati
64%
Kosovo
64%
Kuwait
64%
Liechtenstein
64%
Marshall Islands
64%
Mauritania
64%
Moldova
64%
Myanmar
64%
Nepal
64%
North Macedonia
64%
Philippines
64%
Poland
64%
Qatar
64%
Samoa
64%
Slovakia
64%
Slovenia
64%
South Africa
64%
South Korea
64%
Sri Lanka
64%
Switzerland
64%
Tajikistan
64%
Thailand
64%
Tonga
64%
Trinidad and Tobago
64%
Tunisia
64%
Tuvalu
64%
Vanuatu
64%
Andorra
62%
Antigua and Barbuda
62%
Centralafricanrepublic
62%
Croatia
62%
Djibouti
62%
Eswatini
62%
Grenada
62%
Ivory Coast
62%
Lesotho
62%
Maldives
62%
Malta
62%
Mauritius
62%
Mongolia
62%
Papuanewguinea
62%
Seychelles
62%
Sierra Leone
62%
Solomon Islands
62%
SomALIA
62%
Togo
62%
Turkey
62%
Zimbabwe
62%
Angola
60%
Bahamas
60%
Burkina Faso
60%
Chad
60%
Comoros
60%
East Timor
60%
Equatorial Guinea
60%
Ethiopia
60%
Jamaica
60%
Jordan
60%
Kenya
60%
Liberia
60%
Luxembourg
60%
Malawi
60%
Malaysia
60%
Mozambique
60%
Namibia
60%
Nauru
60%
Palau
60%
Rwanda
60%
São Tomé and Príncipe
60%
Senegal
60%
Serbia
60%
Singapore
60%
Suriname
60%
Uganda
60%
Burundi
58%
Madagascar
58%
Taiwan
58%
Monaco
56%
Tanzania
56%
Italt
7%
No matching quizzes found
Score Distribution
Percent of People with Each Score
Percentile by Number Answered
Your Score History
You have not taken this quiz since the last reset